| 000 | 00406nam a2200157Ia 4500 | ||
|---|---|---|---|
| 008 | 230711s9999||||xx |||||||||||||| ||und|| | ||
| 041 | _aENG | ||
| 082 |
_a4 _bZA-C |
||
| 100 | _aHamacher,V. Carl | ||
| 245 | 0 | _aComputer organization | |
| 250 | _a4th . Ed. | ||
| 260 |
_c1996 _aNew Delhi _bTata McGraw Hill Education Limited |
||
| 650 | _aComputer Engineering | ||
| 700 | _aVranesic,Zvonko G. | ||
| 942 | _cBK | ||
| 999 |
_c3741 _d3741 |
||